000 00439nam a2200181Ia 4500
001 18260
005 20260306171617.0
008 260306s9999||||xx |||||||||||||| ||und||
041 _aESP
082 _a658.402
_bD15 2015
100 _aDaft, Richard L.
_eAUT
245 0 _aTeoría y diseño organizacional
260 _c2015
300 _axvii, 669 páginas :
_c27 cm.
650 _aGEN
654 _aCAN
942 _cLIB
_dJUS
_fJUS
_2ddc
_n
999 _c18260
_d18260